[Event "Saint Louis Invitational-B 2018"]
[Site "Saint Louis"]
[Date "2018.11.18"]
[Round "4"]
[White "Williams, Justus"]
[Black "Hong, Andrew"]
[Result "1/2-1/2"]
[WhiteElo "2335"]
[BlackElo "2368"]
[Annotator "TA"]
[PlyCount "101"]
[EventDate "2018.11.16"]
[EventType "tourn"]
[EventCountry "USA"]
[SourceTitle "playchess.com"]
[Source "ChessBase"]
[SourceQuality "1"]

{[%evp 13,101,-6,12,2,10,15,19,3,25,7,-1,-37,-25,-44,-37,-135,-104,-114,-112,-122,-119,-116,-120,-152,-158,-169,-164,-169,-165,-166,-131,-141,-144,-150,-151,-141,-152,-170,-166,-166,-160,-167,-139,-155,-135,-223,-231,-283,-297,-297,-290,-295,-287,-267,-214,-219,-220,-255,-253,-244,-236,-243,-242,-274,-213,-205,-200,-195,-183,-193,-106,-107,-108,-98,-58,-67,-29,-35,-18,-16,0,-56,-41,-53,-52,-49,-8,-8,0,0]} 1. d4 d5 2. c4 e6 3. Nc3 c6 4. Nf3 Nf6 5. Qd3 dxc4 6. Qxc4 b5 7. Qd3 a6 8. e4 {D43: Semi-Slav: 5 Bg5 h6} c5 9. dxc5 Bxc5 10. Qxd8+ Kxd8 11. Ne5 Ke7 12. Bg5 $146 {Black must now prevent Nd3.} ({Predecessor:} 12. f3 Bd4 13. Nd3 Nc6 14. Bd2 Bb7 15. O-O-O Rhd8 {½-½ (40) Kveinys,A (2522)-Tregubov,P (2647) Manama 2009}) 12... h6 13. Bf4 Bb7 14. Bd3 (14. f3 $15) 14... Rd8 15. Ke2 Bd4 16. h4 Bxc3 17. bxc3 Nxe4 18. Rhc1 f6 19. Bxe4 Bxe4 20. Nf3 Nc6 21. Be3 Bd5 22. Nd2 Ne5 23. Bd4 Nc4 24. Nxc4 Bxc4+ 25. Kf3 e5 26. Be3 f5 {[%cal Bf6f5,Bf5f4][%mdl 32]} 27. g3 Kf6 28. Kg2 Bd5+ 29. f3 {[#]} (29. Kh2 $17 {might work better.}) 29... g5 $1 $19 30. Kf2 gxh4 31. gxh4 f4 32. Bb6 Rd6 33. Rd1 Rxb6 34. Rxd5 {[%mdl 4096] Endgame KRR-KRR} Rc8 35. Rd3 Rc4 36. Re1 Rc5 37. Ke2 Kf5 38. Kd2 b4 39. cxb4 Rxb4 {aiming for ...Rb2+.} 40. Rd8 Rb2+ 41. Kd3 Rxa2 ({Better is} 41... Rb6 $19 42. Ra1 Rcc6) 42. Rf8+ $17 {[#]} Ke6 $1 {Hoping for ...Ra3+.} 43. Rxf4 Rca5 {Strongly threatening ...R5a3+.} 44. Rf8 $1 R5a3+ 45. Kc4 Ra4+ 46. Kb3 R4a3+ 47. Kb4 (47. Kc4 $11) 47... a5+ 48. Kb5 Rb3+ 49. Ka6 Rb4 50. Re8+ Kf6 51. R1xe5 {Accuracy: White = 59%, Black = 50%.} 1/2-1/2

[Event "Saint Louis Invitational-B 2018"]
[Site "Saint Louis"]
[Date "2018.11.18"]
[Round "4"]
[White "Stearman, Josiah"]
[Black "Arjun, Vishnuvardhan"]
[Result "1/2-1/2"]
[WhiteElo "2309"]
[BlackElo "2247"]
[Annotator "TA"]
[PlyCount "154"]
[EventDate "2018.11.16"]
[EventType "tourn"]
[EventCountry "USA"]
[SourceTitle "playchess.com"]
[Source "ChessBase"]
[SourceQuality "1"]

{[%evp 16,154,0,-20,-4,1,6,-4,20,-2,-2,-12,-3,-11,0,-33,-27,-29,-22,-27,-29,-41,-36,-50,-15,-41,-10,-85,-64,-56,-44,-70,-13,-8,-1,-34,-24,-22,-41,-84,-89,-89,-82,-156,-157,-210,-172,-140,-163,-335,-323,-337,-317,-288,-291,-256,-187,-321,-312,-301,-156,-241,0,-13,-4,-31,-48,-50,-34,-590,-587,-587,-59,-59,-59,-59,-33,-33,-33,-33,-33,-34,-33,-34,-34,-59,-18,-59,-59,-59,-59,-59,-59,-59,-59,-59,-59,-59,-53,-59,-59,-59,-59,-59,-53,-59,0,0,0,0,0,0,0,0,0,0,0,0,0,0,0,0,0,0,0,0,0,0,0,0,0,0,0,0,0,0,0,0,0,0,0]} 1. d4 Nf6 2. Nf3 d5 3. Bf4 c5 4. e3 Nc6 5. c3 Qb6 6. Qb3 c4 7. Qc2 Bf5 8. Qc1 h6 9. Nbd2 Rc8 {D02: 1 d4 d5 2 Nf3 sidelines, including 2...Nf6 3 g3 and 2...Nf6 3 Bf4} (9... e6 10. Be2 Be7 11. b3 cxb3 12. axb3 O-O 13. O-O Rfc8 14. Qb2 a5 15. Ra4 Qd8 16. Rfa1 Ne8 17. h3 {½-½ (51) Yu,Y (2747)-Maze,S (2591) Gibraltar 2016}) 10. Be2 {[%cal Bf1e2,Be2d1,Bd1c2][%mdl 32]} e6 11. O-O Qd8 12. Bd1 (12. h3 {with more complications.} Be7 13. b3 b5 14. a4 a6 15. Qb2) 12... Bd6 $146 ({Predecessor:} 12... g5 13. Bg3 Nh5 14. Bc2 Nxg3 15. fxg3 Bxc2 16. Qxc2 {0-1 (40) Pint,P (2150)-Varga,Z (2455) Zalakaros 1997}) 13. Bc2 Bxf4 14. exf4 Ne7 15. Re1 O-O 16. Ne5 b5 {[%cal Bb7b5,Bb5b4,Bb4c3][%mdl 32]} 17. Nf1 {[#]} b4 $1 {[%mdl 512]} 18. Bxf5 (18. cxb4 Qb6) 18... Nxf5 19. g4 Nd6 20. Qe3 Qa5 21. Qh3 (21. f3 $11 {remains equal.}) 21... Nfe4 {[%cal Rb4c3]} 22. f3 {[%cal Bf2f3,Bf3e4][%mdl 32]} bxc3 23. b4 $1 {[%cal Rb4a5]} Qb6 ({Much worse is} 23... Qxb4 $6 24. fxe4 Nxe4 25. Ng3 $14) (23... cxb3 $1 $15 24. axb3 Qb4 25. fxe4 Nxe4) 24. fxe4 $11 Qxd4+ 25. Qe3 Qxe3+ 26. Nxe3 d4 {[%cal Bd5d4,Bd4d3,Bd3d2][%mdl 32]} 27. Red1 d3 28. Rac1 Nxe4 {Hoping for ...Rfd8.} 29. N5xc4 (29. b5 $142) 29... Rfd8 $17 {White must now prevent ...c2.} 30. Ne5 d2 {[%mdl 1024] Black has strong compensation.} 31. Rc2 f6 $36 {[%mdl 2048] Black has strong initiative.} 32. Ng6 $2 (32. N5c4) 32... Kf7 $19 33. Nh4 Rd3 34. Nhg2 g5 35. f5 Re8 36. Kf1 (36. Rf1 $142) 36... exf5 37. gxf5 Rd4 (37... h5 $1 $19 38. Ke2 Rd7) 38. a3 (38. Rb1 $17 {might work better.}) 38... a5 $2 ({Black should try} 38... h5 $19 {...h4 is the strong threat.} 39. Rb1 h4) 39. b5 Ra4 40. Rb1 Rxa3 41. Nd1 a4 42. Rb4 $2 {[%mdl 8192]} ({Better is} 42. Nge3 $15) 42... Ra1 43. Nge3 {[#]} Nd6 $2 (43... Ng3+ $1 $19 {[%mdl 512]} 44. Kf2 {[#]} (44. hxg3 Rxe3) 44... Nxf5 $1 {[%mdl 576] Deflection} 45. Nxf5 Rxd1) 44. Rxc3 $15 {[#]} Nxf5 $1 {[%mdl 512]} 45. Ke2 (45. Nxf5 Rxd1+) 45... Nxe3 (45... Rxd1 $5 46. Kxd1 Nxe3+ 47. Rxe3 Rxe3 48. Kxd2 Re7 49. Rxa4 Rb7 $17) 46. Rxe3 {[#]} Rxd1 $1 {[%mdl 512]} 47. Rxe8 (47. Kxd1 Rxe3) 47... Re1+ 48. Kxd2 Rxe8 49. Rxa4 {[%mdl 4096] Endgame KR-KR} Rb8 50. Rb4 $1 Ke6 {Threatening ...Rb6.} 51. Ke3 Kd5 52. Rb1 f5 53. Rd1+ Ke5 54. Rb1 Rb6 55. Kf3 $1 h5 56. Re1+ $1 Kd5 57. h4 g4+ $1 58. Kf4 Rxb5 {And now ...Rb4+ would win.} 59. Kxf5 Kd4+ 60. Kf4 Rb3 (60... Kd3 $15) 61. Re4+ $11 {The position is equal.} Kd3 62. Re5 Rb4+ 63. Kg3 Rb1 64. Rxh5 Rg1+ 65. Kh2 Ra1 66. Rg5 Ke4 67. Rxg4+ Kf5 68. Rg3 Ra8 69. Kh3 Rh8 70. Rg7 Kf6 71. Rg5 Rh7 72. Ra5 Rg7 73. h5 Rg5 74. Ra6+ Kg7 75. Kh4 Rg1 76. Ra7+ Kh6 77. Rd7 Rg2 {Accuracy: White = 43%, Black = 57%.} 1/2-1/2

[Event "Saint Louis Invitational-B 2018"]
[Site "Saint Louis"]
[Date "2018.11.18"]
[Round "5"]
[White "Hong, Andrew"]
[Black "Stearman, Josiah"]
[Result "1-0"]
[WhiteElo "2368"]
[BlackElo "2309"]
[Annotator "TA"]
[PlyCount "101"]
[EventDate "2018.11.16"]
[EventType "tourn"]
[EventCountry "USA"]
[SourceTitle "playchess.com"]
[Source "ChessBase"]
[SourceQuality "1"]

{[%evp 13,101,25,16,14,90,18,27,14,56,56,77,18,32,17,63,59,60,52,64,54,84,16,51,52,102,95,93,59,65,0,84,69,77,58,82,86,73,66,68,69,114,109,224,205,274,170,202,207,210,204,206,219,210,192,260,252,252,248,278,260,260,265,327,317,610,606,592,600,613,597,613,585,592,589,592,604,597,602,597,588,564,566,564,559,1008,1008,1586,824,1957,1924]} 1. e4 e5 2. Nf3 Nc6 3. Bc4 Nf6 4. d3 Bc5 5. O-O O-O 6. h3 d5 7. exd5 Nxd5 8. Re1 {C24: Bishop's Opening: 2...Nf6} (8. a4 f6 9. Nbd2 Be6 10. Nb3 Be7 11. Re1 Kh8 12. Bd2 Bg8 13. d4 exd4 14. Nbxd4 Nxd4 15. Nxd4 Qd7 {½-½ (66) Carlsen,M (2832)-Karjakin,S (2781) Paris 2017}) 8... Kh8 (8... Be6 $11) 9. Nbd2 ({White should play} 9. Nxe5 $16 Nxe5 10. Rxe5) 9... f6 $11 10. Nb3 $146 {White has an edge.} ({Predecessor:} 10. c3 Nb6 11. Bb5 a6 12. Bxc6 bxc6 13. d4 exd4 14. Ne4 Be7 15. Nxd4 c5 {1-0 (48) Grachev,A (2277)-Makhmutov,R (2416) Ekaterinburg 2018}) 10... Be7 11. d4 {[%cal Rd4e5]} Nb6 12. Bf1 (12. Bd3 $16) 12... Bf5 13. c3 Qd5 14. dxe5 Qxd1 15. Rxd1 fxe5 16. Bb5 Bd6 17. Ne1 (17. Be3 $16) 17... Be4 18. Be3 Nd5 19. Bc5 {f3 is the strong threat.} Nce7 {[%cal Bc6e7,Be7f5,Bf5g3][%mdl 32]} 20. Bxd6 cxd6 21. c4 ({Better is} 21. Bd3 $14 Bxd3 22. Rxd3) 21... Nf4 (21... a6 $11) 22. f3 $16 Bg6 23. Rxd6 Nf5 24. Rd2 $1 a6 25. Bd7 Ng3 26. Nc2 e4 {next ...Nfe2+ is good for Black.} 27. Kh2 Nfe2 (27... Ngh5 $16 {was worth a try.}) 28. fxe4 $18 {And now Bg4 would win.} Bxe4 29. Ne3 {Hoping for Bg4.} h5 30. Re1 Rf2 31. Nd4 {[%cal Rd4e2]} Rd8 32. Ne6 ({Weaker is} 32. Rexe2 Nxe2 33. Ne6 (33. Nxe2 $2 Bf3 $17) 33... Rb8 $11) ({Resist} 32. Nxe2 $6 Rxe2 33. Rexe2 (33. Rdxe2 Nxe2 34. Rd1 Nc1 $16) 33... Nxe2 $16) 32... Rb8 33. Ng5 Bg6 (33... Bc6 $142 34. Red1 Rff8) 34. h4 Rd8 35. Ne6 Rb8 36. c5 Be8 37. Ng5 $1 Rd8 38. Red1 $1 Rf4 $2 (38... Rb8 39. Be6 Ba4) 39. Bh3 {White is clearly winning.} Rxd2 40. Rxd2 g6 41. Rd8 Rf1 {[%csl Gg3][%cal Rf1h1]} 42. Rxe8+ Kg7 {[%csl Gg3][%cal Rf1h1] [#]} 43. Re7+ $1 Kf8 {[%csl Gg3][%cal Rf1h1] [#]} 44. Rf7+ $1 Rxf7 45. Nxf7 Kxf7 {[%mdl 4096] Endgame KBN-KNN} 46. Bc8 Ne4 47. b4 Ke7 48. Bxb7 N2c3 49. Nd5+ Kd7 50. a3 Ne2 51. Nb6+ {[%mdl 64] Discovered Attack (Double check). Accuracy: White = 70%, Black = 42%.} 1-0

[Event "Saint Louis Invitational-B 2018"]
[Site "Saint Louis"]
[Date "2018.11.18"]
[Round "5"]
[White "Marek, Matyas"]
[Black "Tsay, Vincent"]
[Result "1/2-1/2"]
[WhiteElo "2361"]
[BlackElo "2342"]
[Annotator "TA"]
[PlyCount "44"]
[EventDate "2018.11.16"]
[EventType "tourn"]
[EventCountry "USA"]
[SourceTitle "playchess.com"]
[Source "ChessBase"]
[SourceQuality "1"]

{[%evp 14,44,18,13,61,55,86,24,78,78,83,63,59,60,130,120,182,166,141,58,68,0,0,0,0,0,0,0,0,0,0,0,0]} 1. Nf3 d5 2. g3 Nf6 3. Bg2 e6 4. O-O Be7 5. d3 b6 6. Nbd2 Bb7 7. e4 dxe4 8. dxe4 c5 {A05: Réti Opening: 1 Nf3 Nf6} (8... Nc6 9. a3 a5 10. e5 Nd7 11. Re1 Nc5 12. Qe2 O-O 13. h4 h6 14. Nf1 a4 15. N1h2 Qc8 16. Ng4 {1-0 (26) Nakamura,H (2785)-Bacrot,E (2708) Paris 2017}) 9. e5 Nd5 10. a3 (10. Qe2 $16) 10... O-O (10... b5 $11 {remains equal.}) 11. c4 $16 Nc7 12. Qc2 {Hoping for Ng5!} Nc6 13. Ne4 Na6 $146 (13... Qc8 $14) ({Predecessor:} 13... Ne8 14. Bf4 Qc8 15. Rad1 a6 16. Rd2 Ra7 17. Rfd1 {1-0 (30) Prada Lopez,M (2176)-Castejon Caballero,N Madrid 2003}) 14. Bg5 h6 (14... Qc7 $16 {was necessary.}) 15. Rad1 Qc7 16. Bf6 (16. Nf6+ $16 gxf6 17. exf6) 16... Rfd8 $1 $14 17. Neg5 (17. Bxe7 $14 Nxe7 18. Nd6) 17... hxg5 $11 {The position is equal.} 18. Nxg5 {[#] Threatening mate with Qh7+.} Bxf6 19. Qh7+ Kf8 20. exf6 gxf6 21. Nxe6+ fxe6 22. Qh8+ {[%mdl 64] [#] Double Attack} Kf7 {Accuracy: White = 58%, Black = 36%.} 1/2-1/2

[Event "Saint Louis Invitational-B 2018"]
[Site "Saint Louis"]
[Date "2018.11.18"]
[Round "5"]
[White "Dordzhieva, Dinara"]
[Black "Williams, Justus"]
[Result "1-0"]
[WhiteElo "2340"]
[BlackElo "2335"]
[Annotator "TA"]
[PlyCount "63"]
[EventDate "2018.11.16"]
[EventType "tourn"]
[EventCountry "USA"]
[SourceTitle "playchess.com"]
[Source "ChessBase"]
[SourceQuality "1"]

{[%evp 10,63,23,23,37,47,40,32,99,87,159,152,189,179,183,179,183,160,194,190,216,231,327,337,365,379,395,392,377,371,355,359,362,354,375,375,360,321,364,355,318,261,279,253,272,255,368,362,695,682,685,692,860,844,1301,1285]} 1. Nf3 d5 2. g3 c5 3. Bg2 Nc6 4. d4 Nf6 5. O-O Bg4 6. Ne5 Bf5 {D02: 1 d4 d5 2 Nf3 sidelines, including 2...Nf6 3 g3 and 2...Nf6 3 Bf4} ({Don't blunder} 6... Nxd4 $2 7. Nxg4 Nxg4 8. e3 $18) (6... cxd4 7. Nxg4 Nxg4 8. c4 dxc4 9. Qa4 Nge5 10. f4 Nd7 11. Qxc4 Qb6 12. e4 e5 13. Bh3 Nf6 14. Nd2 Bd6 15. Qd3 O-O {½-½ (35) Gordievsky,D (2613)-Boros,D (2452) Rockville 2017}) 7. Nxc6 bxc6 8. dxc5 Qa5 (8... e6 $14) 9. c4 $16 {[%cal Rc4d5]} Qxc5 $146 (9... e6 $142) ({Predecessor:} 9... e6 10. cxd5 exd5 11. Bd2 Qxc5 12. Nc3 Qb6 13. Qa4 Rd8 14. Bg5 {1-0 (49) Issing,P (2197)-Kyas,P (2076) Germany 2013}) 10. cxd5 cxd5 11. Nc3 {[%cal Bb1c3,Bc3a4,Ba4c5][%mdl 32]} Rd8 {[#]} 12. Be3 $1 {[%cal Re3c5]} Qa5 {White should prevent ...d4.} 13. Qd4 Rd7 14. b4 Qd8 15. Rac1 a6 (15... e6 $142 16. Nb5 Bd6 17. Nxd6+ Rxd6 18. Qxa7 O-O) 16. Na4 $18 g6 17. Nc5 Bg7 18. Nxd7 Qxd7 19. Qb6 O-O 20. Qxa6 d4 21. Bf4 Nd5 22. Bd2 Nc3 23. Bxc3 dxc3 24. b5 {[%cal Bb4b5,Bb5b6][%mdl 32]} Rb8 25. b6 Qe6 26. e4 Bg4 27. h3 Bxh3 (27... Rxb6 $142 28. Qa5 Be2) 28. Qa7 Rf8 $2 {[#]} (28... Qxb6 29. Qxb6 Rxb6 30. Bxh3 h5) 29. Bxh3 {White is clearly winning.} Qxh3 30. Qxe7 Qh5 31. b7 Be5 32. Kg2 {Accuracy: White = 98%, Black = 33%.} 1-0

[Event "Saint Louis Invitational-B 2018"]
[Site "Saint Louis"]
[Date "2018.11.18"]
[Round "5"]
[White "Yip, Carissa"]
[Black "Ynojosa Aponte, Felix Jose"]
[Result "1-0"]
[WhiteElo "2318"]
[BlackElo "2355"]
[Annotator "TA"]
[PlyCount "95"]
[EventDate "2018.11.16"]
[EventType "tourn"]
[EventCountry "USA"]
[SourceTitle "playchess.com"]
[Source "ChessBase"]
[SourceQuality "1"]

{[%evp 23,95,4,25,23,18,15,21,26,27,27,35,0,49,47,52,41,39,12,17,23,30,32,42,20,15,3,36,-26,-10,-49,3,6,6,0,0,-16,-17,-26,-10,-32,-14,-28,0,0,0,-7,0,0,0,0,72,72,114,121,121,121,121,121,121,0,0,0,125,125,7588,5322,5314,5314,5293,5293,2053,874,29975,29974]} 1. e4 c5 2. Nf3 Nc6 3. d4 cxd4 4. Nxd4 e5 5. Nb5 d6 6. N1c3 a6 7. Na3 b5 {[%cal Bb7b5,Bb5b4][%mdl 32]} 8. Nd5 Nf6 9. Bg5 Be7 10. Bxf6 Bxf6 11. c4 b4 12. Nc2 Rb8 13. g3 {B33: Sicilian: Pelikan and Sveshnikov Variations} Bg5 14. Bg2 O-O 15. O-O {The position is equal.} (15. b3 a5 16. O-O Be6 17. h4 Bh6 18. Kh2 Ne7 19. Nxe7+ Qxe7 20. Bh3 Qc7 21. Qe2 Qc5 22. Rad1 a4 23. Kg2 Ra8 24. Rd3 axb3 25. axb3 {½-½ (145) Alekseenko,K (2563)-Dubov,D (2666) Sochi 2017}) 15... b3 16. axb3 Rxb3 17. Ra2 {[#]} a5 $146 ({Predecessor:} 17... Qd7 18. f4 Bd8 19. Qd2 Qa7+ 20. Kh1 Qc5 {½-½ (50) Van Kampen,R (2475)-Reinderman,D (2510) Hoogeveen 2007}) 18. Na3 Rb8 19. Nb5 Be6 20. Ra3 Nb4 21. h4 Bxd5 22. exd5 Be7 23. Qe2 Qb6 24. Qe3 Qa6 {next ...Nc2 is good for Black.} 25. Ra4 (25. Qa7 $14 Qxa7 26. Nxa7) 25... Bd8 26. Qd2 Rxb5 (26... Qb6 $15) 27. cxb5 $11 Qxb5 28. Ra3 Bb6 29. Rd1 f5 30. Bh3 e4 31. Bf1 Qd7 {[%mdl 1024] And now ...f4! would win. Black has compensation.} 32. Qf4 Qe7 33. Rc3 g6 34. Qg5 $36 {[%mdl 2048] White has good play.} Qa7 35. Qf4 Qd7 36. h5 Kg7 (36... Qe7 $11 37. hxg6 hxg6) 37. Rc6 $1 $16 {[%cal Rc6b6]} Nxc6 38. dxc6 Qxc6 {aiming for ...Bc5.} 39. Rxd6 Qc5 {[#]} 40. Rd7+ $1 Kf6 41. Qd6+ Kg5 $1 42. Qf4+ Kf6 43. Rxh7 g5 $2 {[%mdl 8192]} (43... Qxf2+ $16 44. Qxf2 Bxf2+ 45. Kxf2 gxh5) 44. Rh6+ $18 Kf7 {[#]} 45. Bc4+ $1 {[%mdl 512]} Ke7 (45... Qxc4 46. Qxf5+) 46. Qxg5+ Kd7 {[#]} 47. Qg7+ (47. Bb5+ $142 $1 {[%mdl 512]} Qxb5 48. Qg7+ {[%mdl 64] Double Attack} Kc8 49. Qxf8+ Kb7 50. Rh7+ Bc7 51. Qg7) 47... Kc8 {[#]} 48. Rxb6 $1 {[%mdl 512] Accuracy: White = 58%, Black = 32%.} 1-0

[Event "Saint Louis Invitational-B 2018"]
[Site "Saint Louis"]
[Date "2018.11.18"]
[Round "5"]
[White "Arjun, Vishnuvardhan"]
[Black "Wang, Justin"]
[Result "1/2-1/2"]
[WhiteElo "2247"]
[BlackElo "2409"]
[Annotator "TA"]
[PlyCount "57"]
[EventDate "2018.11.16"]
[EventType "tourn"]
[EventCountry "USA"]
[SourceTitle "playchess.com"]
[Source "ChessBase"]
[SourceQuality "1"]

{[%evp 19,57,29,40,20,32,6,12,18,32,16,16,12,9,12,24,25,30,29,29,24,37,16,18,0,15,20,54,34,46,44,47,31,31,32,49,40,33,39,51,0]} 1. Nf3 Nf6 2. c4 e6 3. g3 d5 4. Bg2 dxc4 5. O-O a6 6. Qc2 {A13: English Opening: 1...e6} (6. a4 Nc6 7. Qc2 Na5 8. Na3 Qd5 9. Rd1 Bd7 10. d4 Qf5 11. Bd2 Qxc2 12. Nxc2 Nb3 13. Ra2 Bc6 14. Ne5 Bd5 {½-½ (68) So,W (2810)-Ding,L (2777) Tbilisi 2017}) 6... Be7 7. Qxc4 b5 8. Qc2 Bb7 9. Nc3 {[%cal Bb1c3,Bc3d1,Bd1e3,Be3c4][%mdl 32]} Nbd7 10. a4 b4 {LiveBook: 3 Games} 11. Nd1 O-O 12. d3 c5 13. Ne3 Rc8 14. Nc4 Nb6 15. Nfe5 $146 ({Predecessor:} 15. Rd1 Nfd7 16. e4 Nb8 {0-1 (51) Okun,L (2370)-Savchenko,B (2583) Voronezh 2007}) 15... Bxg2 16. Kxg2 Qd5+ 17. e4 Qb7 18. Nxb6 Qxb6 19. Be3 Rfd8 20. Rfd1 Qb7 21. f3 Ne8 22. Rac1 Bf8 23. Qf2 {[%cal Re3c5] White is slightly better.} f6 24. Nc4 e5 25. Na5 Qd7 26. Qc2 Kh8 27. Qb3 Qc7 28. Nc4 Qf7 29. Na5 {Accuracy: White = 56%, Black = 53%.} (29. Qc2 $14) 1/2-1/2

[Event "Saint Louis Invitational-B 2018"]
[Site "Saint Louis"]
[Date "2018.11.19"]
[Round "6"]
[White "Hong, Andrew"]
[Black "Dordzhieva, Dinara"]
[Result "1-0"]
[WhiteElo "2368"]
[BlackElo "2340"]
[Annotator "TA"]
[PlyCount "79"]
[EventDate "2018.11.16"]
[EventType "tourn"]
[EventCountry "USA"]
[SourceTitle "playchess.com"]
[Source "ChessBase"]
[SourceQuality "1"]

{[%evp 16,79,26,33,33,24,44,26,57,85,60,47,47,0,37,37,38,27,60,37,110,74,126,94,97,86,84,102,116,0,116,86,68,63,60,31,110,110,166,140,158,181,203,191,191,181,172,186,181,183,215,203,533,534,609,583,737,750,739,745,971,720,1974,1800,2545,2053]} 1. e4 g6 2. d4 Bg7 3. Nc3 d6 4. Be3 a6 5. h4 h6 6. Qd2 {B06: Modern Defence} b5 7. h5 g5 8. f4 gxf4 9. Bxf4 {LiveBook: 5 Games} Bb7 10. O-O-O Nd7 11. Nf3 Ngf6 $146 ({Predecessor:} 11... b4 12. Nd5 a5 13. Bd3 Bxd5 14. exd5 {1-0 (28) Miladinovic,I (2609)-Polzin,R (2464) Kallithea 2003}) 12. e5 $1 {[%cal Re5f6]} b4 13. Ne2 Nd5 14. Bg3 N7b6 15. Nf4 Qd7 16. Bd3 Nxf4 17. Qxf4 Bd5 (17... Nd5 $14 18. Qe4 Rg8) 18. Rhe1 Be6 (18... O-O-O $142) 19. Be4 d5 20. Bd3 a5 21. Nh4 {[%cal Bf3h4,Bh4f5,Bf5e3][%mdl 32]} a4 22. b3 (22. Kb1 $16) 22... Qc6 (22... axb3 $11 {remains equal.} 23. axb3 Rg8) 23. Kd2 {[%cal Bc1d2,Bd2e2,Be2f2][%mdl 32]} Rg8 24. Ke2 Bf8 25. Nf5 Kd7 (25... Bxf5 $14 26. Bxf5 e6) 26. Kf2 axb3 (26... Bxf5 $16 27. Qxf5+ (27. Bxf5+ e6 $11) 27... e6) 27. axb3 $18 Ra2 28. Ne3 Rg5 29. Bh4 Rxh5 30. Ra1 Rxa1 31. Rxa1 Qc3 32. Rd1 Bg7 33. Be2 {[%mdl 64] [#] Trapped Piece} Bxe5 $2 (33... Rxh4 {is tougher.} 34. Qxh4 Ke8) 34. dxe5 {White is clearly winning.} Rxe5 35. Rd3 Qa1 36. Bg3 f6 37. Qxb4 Rg5 38. Bf4 Rg8 39. Qb5+ Kc8 40. Qc6 {[%mdl 64] Double Attack. Accuracy: White = 75%, Black = 27%.} 1-0

[Event "Saint Louis Invitational-B 2018"]
[Site "Saint Louis"]
[Date "2018.11.19"]
[Round "6"]
[White "Ynojosa Aponte, Felix Jose"]
[Black "Arjun, Vishnuvardhan"]
[Result "1-0"]
[WhiteElo "2355"]
[BlackElo "2247"]
[Annotator "TA"]
[PlyCount "68"]
[EventDate "2018.11.16"]
[EventType "tourn"]
[EventCountry "USA"]
[SourceTitle "playchess.com"]
[Source "ChessBase"]
[SourceQuality "1"]

{[%evp 9,68,-11,0,-21,-15,-26,0,-26,-17,-20,-20,-24,-23,-73,-68,-67,-69,-78,-82,-64,-60,-54,0,0,0,0,0,0,3,3,27,0,33,3,33,26,26,22,26,26,33,33,121,104,97,79,401,384,354,361,615,614,696,642,935,915,1372,1323,2382,2162,1345]} 1. c4 e5 2. Nc3 Bb4 3. e3 Bxc3 4. bxc3 d6 5. Ne2 (5. d4 Nf6 6. Ne2 Qe7 7. Ng3 h5 8. h4 e4 9. Be2 Nc6 10. c5 dxc5 11. Ba3 Bg4 12. Bxc5 {1-0 (77) Miladinovic,I (2556)-Indjic,A (2536) Cetinje 2013}) 5... Ne7 6. d4 {A21: English Opening: 1...e5 2 Nc3} c5 $146 ({Predecessor:} 6... O-O 7. g3 Nbc6 8. Bg2 b6 9. Ba3 Rb8 10. O-O f6 11. Rb1 Ba6 12. dxe5 Nxe5 {1-0 (80) Stepien,T (1605)-Dabrowska,K (1675) Chotowa 2009}) 7. Ng3 O-O 8. Be2 {The position is equal.} f5 9. O-O Nbc6 10. f4 e4 11. Nh1 b6 12. d5 Na5 13. Rf2 Qe8 14. a4 Bd7 15. h3 a6 ({Better is} 15... Bc8 $15) 16. Bf1 $11 Qf7 17. Rb2 Rfb8 18. Bd2 Qe8 19. Be1 Rb7 20. g4 Kh8 21. Ng3 Ng8 22. gxf5 Nf6 23. Rg2 Qc8 24. Kh2 h6 25. Qc2 Bxf5 (25... Qf8 $14) 26. Nxf5 $16 Qxf5 27. Bh4 b5 $2 {[%mdl 8192] [#]} (27... Rg8 $16 {is more resistant.}) 28. axb5 $18 axb5 29. Bxf6 ({Less strong is} 29. cxb5 Nxd5 30. Bf2 Raa7 $16) 29... gxf6 $2 (29... Qxf6 30. cxb5 Re7) 30. cxb5 {[%cal Bc4b5,Bb5b6][%mdl 32] White is clearly winning.} Qxd5 31. c4 Qf5 32. Qc3 Rba7 33. b6 Ra6 {[#]} 34. Rxa5 $1 {[%mdl 576] Promotion} Rxa5 {Accuracy: White = 73%, Black = 31%.} 1-0